Vista normal
Vista MARC
Entrada Nombre personal
Número de registros utilizados en: 6
001 - NÚMERO DE CONTROL
- Campo de control: 6595
003 - IDENTIFICADOR DE NÚMERO DE CONTROL
- Campo de control: ES-MaCES
005 - FECHA Y HORA DE LA ULTIMA MODIFICACION
- Campo de control: 20100409090700.0
008 - ELEMENTOS DE DATOS DE LONGITUD FIJA
- Campo de longitud fija: 990209 | azznnaabn || aaa d
035 ## - NÚMERO DE CONTROL DEL SISTEMA
- Número de control del sistema: CES19990000392n
040 ## - FUENTE DE LA CATALOGACIÓN
- Agencia original de catalogación: ES-MaCES
- Idioma de catalogación: spa
- Agencia de transcripción: ES-MaCES
100 1# - ENCABEZAMIENTO--NOMBRE DE PERSONA
- Nombre personal: Arriba González de Durana, Ana
400 1# - TRAZADO VEÁSE--NOMBRE DE PERSONA
- Nombre personal: Arriba, Ana
670 ## - FUENTE DE DATOS ENCONTRADOS
- Fuente de citación: CSIC autoridades
901 ## - CES. DATOS SIRTEX
- ID Sirtex (N5N8): 0001500008175
- 005BIS Sirtex: 199902091505ANABEL

